Southville International School and Colleges
Your cart is empty.
  • Cart
  • Lists
    Public lists Eva Luna New books Lux_list list_1
    Your lists Log in to create your own lists
  • Log in to your account
  • Your cookies
  • Search history
Southville International School and Colleges
  • Advanced search
  • Recent comments
  • Most popular
  • Libraries

Log in to your account

Log in with GOOGLE


If you do not have an external account, but do have a local account, you can still log in:

  1. Home
  2. MARC view: Britannica book of the year, 1991 /
Normal view MARC view ISBD view

Britannica book of the year, 1991 / (Record no. 305869)

[ view plain ]
MARC details
000 -LEADER
fixed length control field 00632nam a2200217Ia 4500
008 - FIXED-LENGTH DATA ELEMENTS--GENERAL INFORMATION
fixed length control field 170203s9999 xx 000 0 und d
020 ## - INTERNATIONAL STANDARD BOOK NUMBER
International Standard Book Number 0 852295464
050 ## - LIBRARY OF CONGRESS CALL NUMBER
Classification number 0 30
050 ## - LIBRARY OF CONGRESS CALL NUMBER
Item number .B862 1991
100 ## - MAIN ENTRY--PERSONAL NAME
Personal name Daume, Daphne.
245 ## - TITLE STATEMENT
Title Britannica book of the year, 1991 /
245 ## - TITLE STATEMENT
Statement of responsibility, etc editor, Daphne Daume.
260 ## - PUBLICATION, DISTRIBUTION, ETC. (IMPRINT)
Place of publication, distribution, etc Chicago, ILL :
260 ## - PUBLICATION, DISTRIBUTION, ETC. (IMPRINT)
Name of publisher, distributor, etc Encyclopaedia Britannica,
260 ## - PUBLICATION, DISTRIBUTION, ETC. (IMPRINT)
Date of publication, distribution, etc 1991
300 ## - PHYSICAL DESCRIPTION
Extent 910 pages :
300 ## - PHYSICAL DESCRIPTION
Other physical details illustrations (some color), maps, portraits ;
300 ## - PHYSICAL DESCRIPTION
Dimensions 29 cm.
500 ## - GENERAL NOTE
General note Spine title: Britannica world data, 1991 - annual.
650 ## - SUBJECT ADDED ENTRY--TOPICAL TERM
Topical term or geographic name as entry element Encyclopedias and dictionaries.
Holdings
Withdrawn status Lost status Damaged status Home library Current library Shelving location Date acquired Total Checkouts Full call number Barcode Date last seen Price effective from Koha item type
      Stonyhurst Southville International School (Batangas) Stonyhurst Southville International School (Batangas)   02/03/2017   Ref. 030 .B862 1991 US- 0905 02/03/2017 02/03/2017 Books

Britannica book of the year, 1991 /

APA

Daume D., .Britannica book of the year, 1991. Chicago, ILL: .

Chicago

Daume Daphne, .Britannica book of the year, 1991. Chicago, ILL: .

Harvard

Daume D., .Britannica book of the year, 1991. Chicago, ILL: .

MLA

Daume Daphne, .Chicago, ILL: . .

  • Place hold
  • Print
  • Cite
  • Add to your cart (remove)
  • Save record
    BIBTEX Dublin Core MARCXML MARC (non-Unicode/MARC-8) MARC (Unicode/UTF-8) MARC (Unicode/UTF-8, Standard) MODS (XML) RIS
  • More searches
    Search for this title in:
    Other Libraries (WorldCat) Other Databases (Google Scholar) Online Stores (Bookfinder.com) Open Library (openlibrary.org)

Exporting to Dublin Core...

SOUTHVILLE LIBRARY

Southville International School and Colleges Library

1281 Tropical Ave. Cor. Luxembourg St., BF Homes International, Las Pinas City

Tel. No. 8256374 / 252358 Loc. 117/146

Powered by Koha